ბათუმის შოთა რუსთაველის სახელმწიფო უნივერსიტეტის ბიბლიოთეკა

Технологический справочник. Том 2. (ბიბ.ჩანაწერი № 50783)

000 -LEADER
fixed length control field 00630nam a2200193Ia 4500
001 - CONTROL NUMBER
control field 17735
003 - CONTROL NUMBER IDENTIFIER
control field GE_BSU
008 - FIXED-LENGTH DATA ELEMENTS--GENERAL INFORMATION
fixed length control field 181216s||||||||xx |||||||||||||| ||und||
040 ## - CATALOGING SOURCE
Transcribing agency GE_BSU
080 ## - UNIVERSAL DECIMAL CLASSIFICATION NUMBER
Universal Decimal Classification number 621(035)
245 ## - TITLE STATEMENT
Title Технологический справочник. Том 2.
245 ## - TITLE STATEMENT
Statement of responsibility, etc. Под общ. ред. С.Г.Герасимова, Я.А.Кагана, П.Л.Лебедева. Ред. И.И.Айзенштат.
260 ## - PUBLICATION, DISTRIBUTION, ETC.
Place of publication, distribution, etc. М.
260 ## - PUBLICATION, DISTRIBUTION, ETC.
Name of publisher, distributor, etc. Госэнергоиздат.
260 ## - PUBLICATION, DISTRIBUTION, ETC.
Date of publication, distribution, etc. 1958.
300 ## - PHYSICAL DESCRIPTION
Extent 672 стр. 27 см.
653 ## - INDEX TERM--UNCONTROLLED
Uncontrolled term Технологический справочник.
942 ## - ADDED ENTRY ELEMENTS (KOHA)
Koha item type წიგნი
ეგზემპლარები
Withdrawn status Lost status Damaged status Not for loan Date acquired Barcode Date last seen Price effective from Koha item type
        2018-12-17 9796 2018-12-17 2018-12-17 წიგნი